[Event "URS-sf Ukraine-ch"]
[Site "Kherson"]
[Date "1989.??.??"]
[Round "?"]
[White "Malaniuk, Vladimir P"]
[Black "Kuzmin, Gennadi P"]
[Result "1-0"]
[WhiteElo "2560"]
[BlackElo "2495"]

1.d4 Nf6 2.c4 e6 3.Nc3 Bb4 4.f3 c5 5.d5 d6 6.e4 O-O 7.Ne2 exd5 8.cxd5 Ne8
9.Ng3 Qh4 10.Be2 f5 11.exf5 Bxf5 12.O-O Qd4+ 13.Qxd4 cxd4 14.Nxf5 dxc3 15.g4 Nd7
16.bxc3 Bxc3 17.Rb1 Nc5 18.Be3 b6 19.Bb5 g6 20.Bc6 Rd8 21.Nd4 Nc7 22.f4 Rde8
23.Bxe8 Nxd5 24.Bf2 Rxe8 25.Nb5 Ne4 26.Rbd1 Nxf4 27.Nxd6 Nxd6 28.Rxd6 Re7
29.Kh1 g5 30.h4 Ng6 31.hxg5 Re4 32.Rd8+ Kf7 33.Rc8 Be5 34.Bxb6+ Ke6 35.Bxa7 Rxg4
36.Rc2 Rxg5 37.Re1 Kf5 38.Rf2+ Bf4 39.Bb8 Rh5+ 40.Kg1 Rg5+ 41.Kf1 Rh5 42.Re8 Rh1+
43.Kg2 Rh4 44.Bxf4 Nxf4+ 45.Kg1 Kg6 46.Rg8+ Kf7 47.Rg3 Ke6 48.Rh2 Rxh2 49.Kxh2 Kd6
50.Rc3 Nd5 51.Rc1 Nb6 52.Kg2 Kd5 53.Kf3 Kd4 54.Ke2 Nc4 55.Rh1 Kc3 56.Rh3+ Kb4
57.Kd3  1-0

[Event "URS-sf Ukraine-ch"]
[Site "Kherson"]
[Date "1989.??.??"]
[Round "?"]
[White "Malaniuk, Vladimir P"]
[Black "Gurevich, Vladimir"]
[Result "1-0"]
[WhiteElo "2560"]
[BlackElo "2395"]

1.d4 Nf6 2.c4 e6 3.Nc3 Bb4 4.f3 d5 5.a3 Be7 6.e4 c5 7.dxc5 Bxc5 8.b4 Bd6
9.Bb2 Be5 10.Qd2 O-O 11.Rd1 Nbd7 12.Nh3 dxe4 13.f4 Bc7 14.Nf2 b6 15.Ncxe4 e5
16.Nd6 Qe7 17.Be2 exf4 18.O-O Bxd6 19.Bf3 Rb8 20.Qxd6 Qxd6 21.Rxd6 Bb7 22.Bg4 Nxg4
23.Nxg4 h5 24.Rxd7 hxg4 25.Rxf4 f6 26.Rxg4 Rf7 27.Rd6 Kf8 28.Bd4 Rc8 29.c5 bxc5
30.Bxc5 Kg8 31.Rgd4 a6 32.h4 Bc6 33.a4 Bxa4 34.Rxa6 Bc6 35.Kf2 Rb7 36.g4 Bb5
37.Re6 Bc6 38.h5 Rf7  1-0

[Event "URS-chTJ"]
[Site "Kramatorsk"]
[Date "1989.??.??"]
[Round "?"]
[White "Shirov, Alexei"]
[Black "Ivanchuk, Vassily"]
[Result "1-0"]
[WhiteElo "2495"]
[BlackElo "2660"]

1.d4 Nf6 2.c4 e6 3.Nc3 Bb4 4.f3 d5 5.a3 Bxc3+ 6.bxc3 O-O 7.cxd5 Nxd5 8.Qd3 c5
9.e4 Nb6 10.Be3 cxd4 11.cxd4 Nc6 12.Be2 Bd7 13.Nh3 Na5 14.Bd2 Nbc4 15.Bb4 Re8
16.O-O Bb5 17.Qc3 Rc8 18.Rfc1 Nd6 19.Bxa5 Rxc3 20.Bxd8 Rxc1+ 21.Rxc1 Rxd8
22.Nf4 Kf8 23.Kf2 a6 24.Nd3 Ke7 25.Ne5 Ne8 26.Bxb5 axb5 27.Ke3 Ra8 28.Rc3 Nd6
29.Kd3 h5 30.h4 Ke8 31.Rb3 Ra4 32.g4 hxg4 33.fxg4 f5 34.exf5 exf5 35.g5 Ke7
36.h5 Ke6 37.h6 gxh6 38.gxh6 Ra8 39.h7 Kf6 40.Rc3 Nf7 41.Nxf7 Kxf7 42.Rc7+ Kg6
43.Ke2 Rh8 44.Rxb7 Rxh7 45.Rxh7 Kxh7 46.Kf3 Kg7 47.Kf4 Kg6 48.Ke5  1-0

[Event "Leningrad-chT"]
[Site "Leningrad"]
[Date "1989.??.??"]
[Round "?"]
[White "Moskalenko, Viktor"]
[Black "Chekhov, Valery A"]
[Result "1/2-1/2"]
[WhiteElo "2500"]
[BlackElo "2480"]

1.d4 Nf6 2.c4 e6 3.Nc3 Bb4 4.f3 d5 5.a3 Be7 6.e4 dxe4 7.fxe4 e5 8.d5 Bc5
9.Bg5 h6 10.Bh4 Bd4 11.Nf3 Bxc3+ 12.bxc3 Qd6 13.Bd3 Nbd7 14.O-O O-O 15.Kh1 Nc5
16.Qe2 Bg4 17.Qe3 Nfd7 18.Bg3 Bxf3  1/2-1/2

[Event "Leningrad-chT"]
[Site "Leningrad"]
[Date "1989.??.??"]
[Round "?"]
[White "Moskalenko, Viktor"]
[Black "Levin, Felix"]
[Result "1-0"]
[WhiteElo "2500"]
[BlackElo "2305"]

1.d4 Nf6 2.c4 e6 3.Nc3 Bb4 4.f3 d5 5.a3 Bxc3+ 6.bxc3 O-O 7.cxd5 Nxd5 8.e4 Nxc3
9.Qb3 Qxd4 10.Bb2 Qe3+ 11.Be2 Nd5 12.Qxe3 Nxe3 13.Kf2 Nd5 14.exd5 exd5 15.Rc1 c6
16.Nh3 Be6 17.Nf4 Nd7 18.Rhd1 Rfe8 19.h4 Rac8 20.g4 a6 21.a4 a5 22.Ba3 Ra8
23.Rd2 Rec8 24.Bf1 Nb6 25.Rb2 Nd7 26.Rxb7  1-0

[Event "Lugano op"]
[Site "Lugano"]
[Date "1989.??.??"]
[Round "1"]
[White "Danner, Georg"]
[Black "Schienmann, Bruno"]
[Result "1-0"]
[WhiteElo "2400"]
[BlackElo "2245"]

1.d4 e6 2.c4 Nf6 3.Nc3 Bb4 4.f3 Nh5 5.g3 f5 6.e4 O-O 7.Nh3 c5 8.d5 Bxc3+
9.bxc3 d6 10.Bg2 fxe4 11.O-O Qe8 12.dxe6 Bxe6 13.fxe4 Nf6 14.Qxd6 Nc6 15.Qxc5 Bxh3
16.Bxh3 Qxe4 17.Bg5 Rad8 18.Rf4 Qd3 19.Raf1 Qxc3 20.Be6+ Kh8 21.Bd5 Qe5 22.Rf5 Qc3
23.Kg2 Rde8 24.R1f2 Rc8 25.Qd6 Rcd8 26.Rxf6 gxf6 27.Rxf6 Rfe8 28.Qf4 Ne5
29.Rf8+  1-0

[Event "Lugano op"]
[Site "Lugano"]
[Date "1989.??.??"]
[Round "4"]
[White "Roeschlau, Bernd"]
[Black "Fecht, Hans Peter"]
[Result "1-0"]
[WhiteElo "2310"]
[BlackElo "2260"]

1.d4 Nf6 2.c4 e6 3.Nc3 Bb4 4.f3 c5 5.d5 d6 6.e4 Bxc3+ 7.bxc3 e5 8.Bd3 Nbd7
9.h4 Qe7 10.h5 h6 11.Qa4 g5 12.Rb1 Rg8 13.Ne2 Kf8 14.Ng3 Nb8 15.Nf1 Ne8 16.Rb2 Nd7
17.Ne3 Ndf6 18.g3 Ng7 19.Nf1 Qc7 20.Be3 Bd7 21.Qa3 Nh7 22.Qb3 Rb8 23.Qa3 Ra8
24.Bg1 Ke7 25.Nd2 Rgf8 26.Bf2 f6 27.Kf1 Rfb8 28.Kg2 Be8 29.Be3 Bd7 30.Rhb1 b6
31.Bc2 Rg8 32.g4 Raf8 33.Ba4 Bc8 34.Bc6 Kd8 35.Nb3 Nxh5 36.Nxc5 Nf4+ 37.Kh1 h5
38.Nb7+ Bxb7 39.Qxa7 Ke7 40.Rxb6 Bxc6 41.Qxc7+ Bd7 42.Qxd6+  1-0

[Event "Lyngby op"]
[Site "Lyngby"]
[Date "1989.??.??"]
[Round "4"]
[White "Kohlweyer, Bernd"]
[Black "Bener, Anna"]
[Result "1-0"]
[WhiteElo "2365"]
[BlackElo "2095"]

1.d4 Nf6 2.c4 e6 3.Nc3 Bb4 4.f3 c5 5.d5 d6 6.e4 Bxc3+ 7.bxc3 e5 8.Bd3 Nbd7
9.Qa4 Nh5 10.Ne2 Qh4+ 11.g3 Qh3 12.Kf2 O-O 13.Rb1 Ndf6 14.Bg5 Re8 15.Qc2 h6
16.Bd2 Nh7 17.Ng1 Qd7 18.h4 Nf8 19.Ne2 Ng6 20.Qc1 Qe7 21.g4 Nhf4 22.Nxf4 exf4
23.h5 Ne5 24.Be2 Bxg4 25.Qc2 Bc8 26.Bxf4 Qf6 27.Qd2 b6 28.Rbg1 Kh8 29.Bg3 Qe7
30.Bh4 Qd7 31.f4 Nxc4 32.Bxc4 Rxe4 33.Bd3 Ra4 34.c4 Bb7 35.Rxg7 Kxg7 36.Qc3+  1-0

[Event "Mendrisio op"]
[Site "Mendrisio"]
[Date "1989.??.??"]
[Round "9"]
[White "Bykhovsky, Avigdor"]
[Black "Kamber, Bruno"]
[Result "1-0"]
[WhiteElo "2485"]
[BlackElo "2260"]

1.d4 Nf6 2.c4 e6 3.Nc3 Bb4 4.f3 d5 5.a3 Be7 6.e4 dxe4 7.fxe4 e5 8.d5 O-O
9.Nf3 c6 10.Be3 Ng4 11.Bg1 f5 12.Bd3 b5 13.cxb5 cxb5 14.exf5 e4 15.Bxe4 Bd6
16.Nd4 Nf6 17.Bf3 b4 18.axb4 Nbd7 19.Ne6 Qe7 20.Qe2 Re8 21.Rxa7 Rxa7 22.Bxa7 Bxb4
23.O-O Nc5 24.Bxc5 Bxc5+ 25.Kh1 Bb7 26.Qd2 Bd6 27.Qd4 Bb8 28.d6 Qf7 29.Ng5 Qb3
30.Bxb7 Qxb7 31.Qc4+ Kf8 32.Ne6+ Kg8 33.Nd8+  1-0

[Event "Montpellier-B"]
[Site "Montpellier"]
[Date "1989.??.??"]
[Round "?"]
[White "Baldy, Philippe"]
[Black "Rigo, Janos"]
[Result "1/2-1/2"]
[WhiteElo "2275"]
[BlackElo "2390"]

1.d4 Nf6 2.c4 e6 3.Nc3 Bb4 4.f3 d5 5.a3 Bxc3+ 6.bxc3 c6 7.e3 O-O 8.Bd3 Re8
9.Ne2 e5 10.cxd5 exd4 11.cxd4 cxd5 12.O-O b6 13.Qa4 Bd7 14.Qb3 Nc6 15.Bd2 Rb8
16.h3 Na5 17.Qa2 b5 18.e4 dxe4 19.fxe4 Be6 20.d5 Bd7 21.Bf4 Rc8 22.e5 Nh5
23.Bh2 Nc4 24.Bxc4 Rxc4 25.Rac1 Qb6+ 26.Kh1 Qc5 27.Rxc4 bxc4 28.Nc3 g6 29.Qf2 Qxf2
30.Rxf2 Rd8 31.Rb2 Ng7 32.Rb7 Bf5 33.Rxa7 Bd3 34.g4 h5 35.Kg1 hxg4 36.hxg4 g5
37.Bg3 Ne8 38.Kf2 Rb8 39.Ke3 Rb3 40.Kd4 Ng7 41.Bf2 Rb2 42.Ke3 Rc2 43.Be1 Rc1
44.Bd2 Rf1 45.Ne4 Bxe4 46.Kxe4 Rg1 47.Kf3 Rd1 48.Ke2 Rg1 49.Bxg5 Rxg4 50.Bf6 Re4+
51.Kf3 Rd4 52.Ra8+ Kh7 53.e6 Rd3+ 54.Ke2 fxe6 55.Ra7 Kg6 56.Bxg7 exd5 57.a4 d4
58.Bf8 Re3+ 59.Kd2 c3+ 60.Kc2 Re2+ 61.Kd3 Rd2+ 62.Kc4 c2 63.Ba3 Rd1 64.Kb3 Rd3+
65.Kxc2 Rxa3  1/2-1/2

[Event "Naleczow op"]
[Site "Naleczow"]
[Date "1989.??.??"]
[Round "?"]
[White "Prudnikova, Svetlana"]
[Black "Sygulski, Boguslaw"]
[Result "1/2-1/2"]
[WhiteElo "2315"]
[BlackElo "2390"]

1.d4 Nf6 2.c4 e6 3.Nc3 Bb4 4.f3 O-O 5.e4 d6 6.Ne2 c5 7.d5 Re8 8.Bd2 exd5
9.cxd5 Nbd7 10.a3 Ba5 11.Ng3 Ne5 12.Be2 Bd7 13.O-O c4 14.Be3 Bb6 15.Qd2 Rc8
16.h3 Ng6 17.f4 Bxe3+ 18.Qxe3 Qb6 19.Qxb6 axb6 20.Bd1 Rc5 21.Bc2 h5 22.Nge2 Ne7
23.Nd4 b5 24.Rad1 Nc8 25.Rd2 Nb6 26.Rfd1 Re7 27.Nf3 Na4 28.Bxa4 bxa4 29.e5 Ne8
30.Ne4 Rc8 31.Rd4 Bf5 32.exd6 Rxe4 33.Rxe4 Bxe4 34.d7 Rd8 35.dxe8=Q+ Rxe8
36.Ne5 Rd8 37.Nxc4 Rxd5 38.Rxd5 Bxd5 39.Nb6 Be6 40.g3 Kh7 41.h4 Kg6 42.Kf2 Kf5
43.Ke3 Kg4 44.Kf2 Kf5 45.Ke3  1/2-1/2

[Event "Kotov mem"]
[Site "Odessa"]
[Date "1989.??.??"]
[Round "?"]
[White "Moskalenko, Viktor"]
[Black "Savon, Vladimir A"]
[Result "1/2-1/2"]
[WhiteElo "2500"]
[BlackElo "2465"]

1.d4 Nf6 2.c4 e6 3.Nc3 Bb4 4.f3 c5 5.d5 d6 6.e4 Bxc3+ 7.bxc3 e5 8.Bd3 Nh5
9.Ne2 Qf6 10.h4 h6 11.Be3 Nf4 12.Bxf4 exf4 13.Qd2 g5 14.g3 fxg3 15.hxg5 hxg5
16.Rxh8+ Qxh8 17.O-O-O Qf6 18.e5 Qxe5 19.Rg1 Nd7 20.Rxg3 Kd8 21.Rxg5 Qh8
22.f4 Nf6 23.Qe3 Bd7 24.Kd2 Qf8 25.Ng3 Kc7 26.Nh5 Re8 27.Qg3 Qh6 28.Nxf6 Qxf6
29.Rh5 Rh8 30.Rxh8 Qxh8 31.Be4 a6 32.Kd3 Qh5 33.Kd2 Bf5 34.Bxf5 Qxf5 35.Ke3 Qc2
36.Qg7 Kb6 37.Qxf7 Qxc3+ 38.Kf2 Qxc4 39.f5 Qd4+ 40.Kf3 c4 41.Qe6 Kc5 42.f6 Qd1+
43.Kf2 Qd2+ 44.Kf3 Qd1+  1/2-1/2

[Event "Kotov mem"]
[Site "Odessa"]
[Date "1989.??.??"]
[Round "?"]
[White "Moskalenko, Viktor"]
[Black "Novikov, Igor A"]
[Result "1-0"]
[WhiteElo "2500"]
[BlackElo "2500"]

1.d4 Nf6 2.c4 e6 3.Nc3 Bb4 4.f3 d5 5.a3 Be7 6.e4 dxe4 7.fxe4 e5 8.d5 O-O
9.Bd3 a5 10.Nf3 Bg4 11.O-O Nbd7 12.h3 Bh5 13.Rb1 Ne8 14.Be3 c6 15.dxc6 bxc6
16.b4 axb4 17.axb4 c5 18.b5 Nb6 19.Nd5 Nxd5 20.cxd5 Bxf3 21.Qxf3 Nf6 22.Ra1 Nd7
23.Ra6 Nb6 24.Rfa1 Qc7 25.Qf2 Rfc8 26.Be2 g6 27.Rf1 f6 28.Bg4 Rcb8 29.Rc1 Rxa6
30.bxa6 c4 31.d6  1-0

[Event "Paris-ch"]
[Site "Paris"]
[Date "1989.??.??"]
[Round "9"]
[White "Gutman, Lev"]
[Black "Taimanov, Mark E"]
[Result "0-1"]
[WhiteElo "2535"]
[BlackElo "2480"]

1.d4 Nf6 2.c4 e6 3.Nc3 Bb4 4.f3 d5 5.a3 Be7 6.e4 dxe4 7.fxe4 e5 8.d5 a5 9.Nf3 O-O
10.Bd3 Bg4 11.O-O Nbd7 12.Bc2 Ne8 13.Ba4 Nc5 14.Bxe8 Qxe8 15.Be3 a4  0-1

[Event "BCF-ch"]
[Site "Plymouth"]
[Date "1989.??.??"]
[Round "?"]
[White "Flear, Glenn C"]
[Black "Arkell, Keith C"]
[Result "0-1"]
[WhiteElo "2435"]
[BlackElo "2450"]

1.d4 Nf6 2.c4 e6 3.Nc3 Bb4 4.f3 c5 5.d5 d6 6.e4 Nh5 7.g3 exd5 8.cxd5 O-O
9.Bg2 f5 10.Bd2 fxe4 11.Nxe4 Bf5 12.Bxb4 cxb4 13.Nh3 Qb6 14.Nef2 Re8+ 15.Kf1 Bd7
16.f4 Bb5+ 17.Kg1 Be2 18.Qc2 Bg4 19.Ng5 Nf6 20.Ne4 Nbd7 21.h3 Rac8 22.Qd3 Bh5
23.g4 Bg6 24.Nxf6+ Nxf6 25.f5 Bf7 26.g5 Re3 27.Qd2 Ne4 28.Bxe4 Rxe4 29.f6 Rce8
30.Rf1 Re2 31.Qf4 R8e4 32.Qf5 Re5 33.Qc8+ Re8 34.Qc4 Qe3 35.Rh2 Re1 36.fxg7 Rxf1+
37.Kxf1 Qe5 38.Rg2 Qe1+  0-1

[Event "BCF-ch"]
[Site "Plymouth"]
[Date "1989.??.??"]
[Round "?"]
[White "Flear, Glenn C"]
[Black "Kosten, Anthony C"]
[Result "1-0"]
[WhiteElo "2435"]
[BlackElo "2500"]

1.d4 Nf6 2.c4 e6 3.Nc3 Bb4 4.f3 c5 5.d5 O-O 6.e4 d6 7.Bd3 b5 8.Ne2 exd5 9.cxd5 a6
10.O-O Nbd7 11.Kh1 Re8 12.g4 Ne5 13.Ng3 c4 14.Be2 Bc5 15.g5 Nfd7 16.f4 b4
17.Na4 Nd3 18.Bxd3 cxd3 19.Qxd3 a5 20.Nxc5 Nxc5 21.Qd4 Qe7 22.e5 dxe5 23.fxe5 Bb7
24.Kg1 Nd7 25.Bf4 Nf8 26.Nf5 Qd7 27.Nd6 Qg4+ 28.Kh1 Ne6 29.Qd2 Nxf4 30.Nxb7 Ng6
31.e6 fxe6 32.d6 Reb8 33.Nc5 Rd8 34.d7 Ne5 35.Rf4 Qh3 36.Raf1 Ng6 37.R4f3 Qg4
38.Qd6 Nh4 39.R3f2 Qc4 40.Qxe6+ Qxe6 41.Nxe6  1-0

[Event "Podolsk GMA-qual"]
[Site "Podolsk"]
[Date "1989.??.??"]
[Round "?"]
[White "Yakovich, Yuri"]
[Black "Timoshenko, Georgy"]
[Result "1-0"]
[WhiteElo "2450"]
[BlackElo "2535"]

1.d4 Nf6 2.c4 e6 3.Nc3 Bb4 4.f3 d5 5.a3 Bxc3+ 6.bxc3 c5 7.cxd5 Nxd5 8.dxc5 Qa5
9.e4 Ne7 10.Be3 Qxc3+ 11.Kf2 O-O 12.Ne2 Qa5 13.Qd2 Qxd2 14.Bxd2 b6 15.cxb6 axb6
16.Nc3 Nd7 17.Be2 Ba6 18.Nb5 Rfc8 19.Rhc1 Rxc1 20.Rxc1 Rc8 21.Rxc8+ Nxc8
22.Bb4 Nc5 23.Ke3 Ne7 24.Nd6 Bxe2 25.Kxe2 Nd7 26.Kd3 Nc6 27.Kc4 Na7 28.f4 g6
29.g4 g5 30.Bd2 gxf4 31.Bxf4 Kf8 32.Kb4 Ke7 33.Nc4 Kd8 34.g5 e5 35.Bg3 Nc6+
36.Kc3 Kc7 37.Bf2 Nd8 38.h4 Ne6 39.Bg3 Nec5 40.Bxe5+ Nxe5 41.Nxe5 f6 42.g6 hxg6
43.Nxg6 Nxe4+ 44.Kd4 Ng3 45.Kd5 Kd7 46.Nf4 Nf5 47.h5 Nh6 48.Ne2 Ng4 49.Nd4 f5
50.Kc4 Nh6 51.Kb5 Kc7 52.Ka6 f4 53.Ne6+ Kd6 54.Nxf4 Kc5 55.Nd3+ Kc6 56.Ne5+ Kd5
57.Nd7 Nf5 58.Kxb6 Ke6 59.Nc5+ Kf6 60.Ne4+ Ke5 61.Ng5  1-0

[Event "Podolsk GMA-qual"]
[Site "Podolsk"]
[Date "1989.??.??"]
[Round "?"]
[White "Yakovich, Yuri"]
[Black "Kharitonov, Andrei Y"]
[Result "1-0"]
[WhiteElo "2450"]
[BlackElo "2505"]

1.d4 Nf6 2.c4 e6 3.Nc3 Bb4 4.f3 d5 5.a3 Bxc3+ 6.bxc3 c5 7.cxd5 Nxd5 8.dxc5 Qa5
9.e4 Ne7 10.Be3 O-O 11.Qb3 Nbc6 12.Rd1 Qc7 13.f4 e5 14.f5 Bxf5 15.exf5 Nxf5
16.Bc1 Rad8 17.Be2 Qe7 18.Qc4 e4 19.Rxd8 Rxd8 20.Nh3 Na5 21.Qb5 Qh4+ 22.Nf2 e3
23.O-O exf2+ 24.Rxf2  1-0

[Event "Rubinstein mem"]
[Site "Polanica Zdroj"]
[Date "1989.??.??"]
[Round "4"]
[White "Novikov, Igor A"]
[Black "Petrosian, Arshak B"]
[Result "1-0"]
[WhiteElo "2490"]
[BlackElo "2475"]

1.d4 Nf6 2.c4 e6 3.Nc3 Bb4 4.f3 c5 5.d5 Bxc3+ 6.bxc3 Qa5 7.Bd2 d6 8.e4 O-O
9.Ne2 Re8 10.Ng3 Bd7 11.Be2 Ba4 12.Qc1 Nbd7 13.O-O a6 14.Rf2 Qc7 15.Qf1 b5
16.dxe6 fxe6 17.cxb5 axb5 18.Bxb5 Bxb5 19.Qxb5 c4 20.Qb1 Reb8 21.Qf1 Ne5
22.Be3 Nd3 23.Rc2 Ra3 24.Nh1 Nd7 25.Bd4 N7c5 26.Nf2 Nxf2 27.Bxc5 Nh3+ 28.gxh3 Qxc5+
29.Qf2 Qe5 30.Qg3 Qc5+ 31.Kh1 Ra7 32.Rd1 e5 33.Rcd2 Ra6 34.Qg4 Qe3 35.Rg2 Qh6
36.Qd7 Rab6 37.Rdg1 g6 38.Qe6+ Kh8 39.Qxc4 Qf4 40.Qd3 Rb2 41.Qxd6 Qxf3 42.Qxe5+ Kg8
43.Qe6+ Kh8 44.Qg4 Qxc3 45.Rxb2 Qxb2 46.Qg2 Qe5 47.Qf3 Kg7 48.Rf1 Kh6 49.Rf2 Rb1+
50.Kg2 Qg5+ 51.Qg4 Qc1 52.Qh4+ Kg7 53.Qe7+ Kh6 54.Qf8+ Kh5 55.Qf3+ Kh6 56.h4 Qh1+
57.Kg3 Qg1+ 58.Kh3 Qc1 59.Qf8+ Kh5 60.Rf3 Rb2 61.Qg7  1-0

[Event "Bohemians-B"]
[Site "Prague"]
[Date "1989.??.??"]
[Round "?"]
[White "Laketic, Gojko"]
[Black "Zolnierowicz, Krzysztof"]
[Result "1/2-1/2"]
[WhiteElo "2385"]
[BlackElo "2405"]

1.d4 Nf6 2.c4 e6 3.Nc3 Bb4 4.f3 c5 5.d5 d6 6.e4 O-O 7.Bg5 Re8 8.Ne2 exd5
9.cxd5 b5 10.Ng3 Nxe4 11.Nxe4 Qxg5 12.Kf2 Qh4+ 13.g3 Qh6 14.Bxb5 Bd7 15.Qc1 Qg6
16.Rb1 f5 17.Ng5 Bxc3 18.bxc3  1/2-1/2

[Event "CSR-ch int"]
[Site "Prague"]
[Date "1989.??.??"]
[Round "14"]
[White "Conquest, Stuart"]
[Black "Plachetka, Jan"]
[Result "1-0"]
[WhiteElo "2490"]
[BlackElo "2450"]

1.d4 Nf6 2.c4 e6 3.Nc3 Bb4 4.f3 d5 5.a3 Be7 6.e4 c5 7.cxd5 exd5 8.e5 Nfd7
9.Nxd5 cxd4 10.Nxe7 Qxe7 11.f4 Nc6 12.Nf3 O-O 13.Bc4 Nb6 14.Bb3 Bf5 15.O-O Rad8
16.Bd2 Nd5 17.Qe2 Qc5 18.Rac1 Qb6 19.Bxd5 Rxd5 20.b4 Rfd8 21.h3 h6 22.Rfe1 a5
23.g4 Bc8 24.bxa5 Nxa5 25.Qe4 Nc6 26.f5 d3+ 27.Kf1 Qb2 28.e6 fxe6 29.fxe6 R5d6
30.e7 Nxe7 31.Qxe7 Rf8 32.Qxd6 Rxf3+ 33.Kg2 Rf8 34.Qd5+ Kh8 35.Qxd3 b6 36.Rc7 Ba6
37.Qe3  1-0

[Event "Ptuj"]
[Site "Ptuj"]
[Date "1989.??.??"]
[Round "10"]
[White "Danner, Georg"]
[Black "Brglez, Rado"]
[Result "0-1"]
[WhiteElo "2400"]
[BlackElo "2240"]

1.d4 Nf6 2.c4 e6 3.Nc3 Bb4 4.f3 d5 5.a3 Bxc3+ 6.bxc3 c5 7.cxd5 Nxd5 8.dxc5 f5
9.Nh3 O-O 10.c4 Nf6 11.Bf4 Qa5+ 12.Qd2 Qxd2+ 13.Kxd2 Na6 14.Kc3 Nxc5 15.e4 b6
16.Bd6 Ncxe4+ 17.fxe4 Nxe4+ 18.Kb3 Nxd6 19.Bd3 Nb7 20.Rhe1 Nc5+ 21.Kc3 Bb7
22.Nf4 Kf7 23.g4 g5 24.Nxe6 Nxe6 25.Bxf5 Nf4 26.a4 Rfe8 27.Rxe8 Rxe8 28.a5 Be4
29.axb6 axb6 30.Ra7+ Kf6 31.Bxe4 Rxe4 32.Rxh7 Ng6 33.h3 Re7 34.Rh6 Kg7 35.Rh5 Re5
36.Kd4 Rc5 37.h4 gxh4 38.g5 Rc8 39.Rh6 Rh8 40.Kd5 Rxh6 41.gxh6+ Kxh6  0-1

[Event "Reggio Emilia8990"]
[Site "Reggio Emilia"]
[Date "1989.??.??"]
[Round "2"]
[White "Beliavsky, Alexander G"]
[Black "Ehlvest, Jaan"]
[Result "0-1"]
[WhiteElo "2640"]
[BlackElo "2600"]

1.d4 Nf6 2.c4 e6 3.Nc3 Bb4 4.f3 c5 5.d5 Nh5 6.g3 f5 7.Bd2 d6 8.Qc2 O-O 9.O-O-O Nd7
10.e3 Ne5 11.Be2 Nf6 12.Nh3 exd5 13.cxd5 Ne8 14.Nf2 Nc7 15.f4 Ng6 16.Kb1 Rb8
17.Bc1 b5 18.Bf3 Bxc3 19.Qxc3 b4 20.Qc2 Nb5 21.Ka1 Qa5 22.Rd2 Ba6 23.Bd1 Qb6
24.Be2 Qa5 25.Qb3 Ne7 26.Rc2 Kh8 27.h3 Rb6 28.Bc4 Rfb8 29.Bd2 Nc7 30.g4 Bxc4
31.Qxc4 Qa6 32.b3 Qc8 33.gxf5 Nxf5 34.Qd3 a5 35.Rg1 a4 36.bxa4 Qd7 37.Nd1 h6
38.Nb2 b3 39.Rcc1 bxa2 40.Bc3 Rb3 41.Rg2 Ne8 42.Rcg1 c4 43.Qd2 Qa7 44.e4 Ne3
45.Rxg7 Nxg7 46.Bxg7+ Qxg7 47.Rxg7 c3  0-1

[Event "Reykjavik"]
[Site "Reykjavik"]
[Date "1989.??.??"]
[Round "?"]
[White "Tisdall, Jonathan D"]
[Black "Bjarnason, Saevar"]
[Result "1-0"]
[WhiteElo "2460"]
[BlackElo "2335"]

1.d4 Nf6 2.c4 e6 3.Nc3 Bb4 4.f3 d5 5.a3 Bxc3+ 6.bxc3 c5 7.cxd5 exd5 8.e3 O-O
9.Bd3 b6 10.Ne2 Re8 11.O-O Ba6 12.Bxa6 Nxa6 13.Ng3 Qd7 14.Ra2 Rac8 15.Qd3 Qa4
16.Re2 Nc7 17.e4 Nb5 18.e5 Nd7 19.Bb2 cxd4 20.cxd4 Nf8 21.f4 Qc4 22.Qe3 Qc6
23.f5 Kh8 24.Nh5 Nd7 25.Qg5 Rg8 26.e6 fxe6 27.fxe6 Nf8 28.Nf4 Nc7 29.Qe5 Qe8
30.Rc1  1-0

[Event "Sagua la Grande"]
[Site "Sagua la Grande"]
[Date "1989.??.??"]
[Round "11"]
[White "Arencibia, Walter"]
[Black "Guevara, M."]
[Result "1/2-1/2"]
[WhiteElo "2395"]
[BlackElo "2310"]

1.d4 Nf6 2.c4 e6 3.Nc3 Bb4 4.f3 d5 5.a3 Bxc3+ 6.bxc3 c5 7.cxd5 Nxd5 8.dxc5 Qa5
9.e4 Ne7 10.Be3 Qxc3+ 11.Kf2 O-O 12.Ne2 Qa5 13.Nd4 Rd8 14.Nb3 Rxd1 15.Rxd1 Qc7
16.Bf4 Qd7 17.Rxd7 Bxd7 18.Na5 b6 19.cxb6 axb6 20.Nc4 Nc8 21.Be2 Be8 22.Rb1 Nd7
23.Rc1 Kf8 24.Nd6 Nc5 25.Rb1 Na4 26.Nxe8 Kxe8 27.Bb5+ Ke7 28.Bd2 Nc5 29.Bb4 Nd6
30.Be2 f6 31.Rc1 Kd7 32.Ke3 Kc6 33.f4 e5 34.fxe5 fxe5 35.Bg4 Kb5  1/2-1/2

[Event "Tuzla"]
[Site "Tuzla"]
[Date "1989.??.??"]
[Round "10"]
[White "Tsarev, V."]
[Black "Sinanovic, Muhamed"]
[Result "1-0"]
[WhiteElo "2430"]
[BlackElo "2330"]

1.d4 Nf6 2.c4 e6 3.Nc3 Bb4 4.f3 d5 5.a3 Be7 6.e4 dxe4 7.fxe4 e5 8.d5 Bc5
9.Nf3 Ng4 10.Bg5 Bf2+ 11.Ke2 f6 12.Bh4 Bxh4 13.Nxh4 Nh6 14.Kd2 O-O 15.Bd3 c6
16.Kc2 cxd5 17.cxd5 Qb6 18.Qd2 Nf7 19.Rhg1 Na6 20.g4 Nc5 21.Raf1 Nb3 22.Qg2 Nd4+
23.Kb1 Kh8 24.g5 fxg5 25.Qxg5 g6 26.Qe7 Kg7 27.d6 Be6 28.Qf6+ Kh6  1-0

[Event "Tuzla"]
[Site "Tuzla"]
[Date "1989.??.??"]
[Round "12"]
[White "Tsarev, V."]
[Black "Mujic, Hamza"]
[Result "0-1"]
[WhiteElo "2430"]
[BlackElo "2320"]

1.d4 Nf6 2.c4 e6 3.Nc3 Bb4 4.f3 c5 5.d5 exd5 6.cxd5 Nh5 7.Nh3 d6 8.Nf2 f5
9.e4 f4 10.Qc2 Nd7 11.Bd2 O-O 12.O-O-O a6 13.Nd3 Ba5 14.Kb1 c4 15.Nc1 Ne5
16.N3e2 Bxd2 17.Rxd2 Qh4 18.Rd1 Bd7 19.Qd2 Rac8 20.Qe1 Qf6 21.Nd4 g6 22.Be2 Rc5
23.g4 Ng7 24.h4 Rfc8 25.Qc3 b5 26.Rd2 Qd8 27.h5 a5 28.a3 b4 29.axb4 axb4
30.Qxb4 c3 31.Rc2 Rb8 32.Qa3 Ra8 33.Qb4 Ra4 34.Qb7 Rca5 35.Rxc3 Ra7 36.Qxa7 Rxa7
37.h6 Ne8 38.Ncb3 Rc7 39.Rxc7 Qxc7 40.Rc1 Qd8 41.Nc6 Qf6 42.Nbd4 Bxc6 43.Nxc6 Nxc6
44.Rxc6 Qd4 45.Rc8 Kf7 46.Bb5 Qg1+ 47.Ka2 Nf6 48.Rc7+ Kf8  0-1

[Event "Vrnjacka Banja"]
[Site "Vrnjacka Banja"]
[Date "1989.??.??"]
[Round "?"]
[White "Skembris, Spyridon"]
[Black "Cvetkovic, Srdjan"]
[Result "1/2-1/2"]
[WhiteElo "2455"]
[BlackElo "2460"]

1.d4 Nf6 2.c4 e6 3.Nc3 Bb4 4.f3 d5 5.a3 Be7 6.e4 dxe4 7.fxe4 e5 8.d5 Bc5
9.Bg5 h6 10.Bh4 c6 11.Qf3 g5 12.Bf2 Bg4 13.Qg3 Bxf2+ 14.Qxf2 Nbd7 15.Be2 Qb6
16.Qxb6 axb6 17.Bxg4 Nxg4 18.Ke2 f5 19.exf5 O-O 20.h3 Ngf6 21.g4 e4 22.Ke3 h5
23.Nge2 hxg4 24.Nd4 gxh3 25.Rxh3 Ne5 26.Ne6 Nxc4+ 27.Kd4 Nxb2 28.Nxf8 Rxf8
29.Rg1 c5+ 30.Ke5 Nd3+ 31.Kd6 Kf7 32.Rxg5 Ra8 33.Kc7 Rxa3 34.Nb5 Nxd5+ 35.Kxb7 Kf6
36.Rhh5 Ra5 37.Rg6+ Ke5 38.f6+ Ke6 39.Rxd5 Rxb5 40.f7+ Kxf7 41.Rc6 c4 42.Rxb5 e3
43.Kxb6 e2 44.Rf5+ Ke7 45.Rh5 e1=Q 46.Rh7+ Kd8 47.Rh8+ Ke7 48.Rh7+  1/2-1/2

[Event "Warsaw op"]
[Site "Warsaw"]
[Date "1989.??.??"]
[Round "?"]
[White "Malaniuk, Vladimir P"]
[Black "Komarov, Dimitri"]
[Result "1-0"]
[WhiteElo "2520"]
[BlackElo "2350"]

1.d4 Nf6 2.c4 e6 3.Nc3 Bb4 4.f3 d5 5.a3 Bxc3+ 6.bxc3 c5 7.cxd5 Nxd5 8.dxc5 Qa5
9.e4 Ne7 10.Be3 O-O 11.Qb3 e5 12.Bc4 Na6 13.Ne2 Nc6 14.Rb1 Qc7 15.Qa2 Na5
16.Bd5 Nxc5 17.O-O Nd7 18.c4 Nf6 19.Rfc1 Bd7 20.Bg5 Qc5+ 21.Kh1 Nxd5 22.cxd5 Qf2
23.Qd2 b6 24.Rc7 Bc8 25.Be7 Re8 26.d6 Ba6 27.d7 Qxe2 28.dxe8=Q+ Rxe8 29.Qd7 Rb8
30.Bd8  1-0

[Event "Yerevan"]
[Site "Yerevan"]
[Date "1989.??.??"]
[Round "?"]
[White "Dokhoian, Yury"]
[Black "Petrosian, Arshak B"]
[Result "1/2-1/2"]
[WhiteElo "2575"]
[BlackElo "2475"]

1.d4 Nf6 2.c4 e6 3.Nc3 Bb4 4.f3 c5 5.d5 Bxc3+ 6.bxc3 Qa5 7.Bd2 d6 8.e4 O-O
9.Nh3 exd5 10.cxd5 Bxh3 11.gxh3 Nh5 12.Rg1 Nd7 13.Rg5 g6 14.Qc2 Ng7 15.O-O-O f6
16.Rg2 f5 17.exf5 Rxf5 18.Bd3 Rxf3 19.Bxg6 hxg6 20.Qxg6 Rxc3+ 21.Kb1 Qb4+
22.Ka1 Qd4 23.Qe6+ Kh7 24.Qh6+ Kg8 25.Qe6+  1/2-1/2

[Event "JUG-chT"]
[Site "Zlatibor"]
[Date "1989.??.??"]
[Round "?"]
[White "Maksimovic, Suzana"]
[Black "Maric, Alisa"]
[Result "1/2-1/2"]
[WhiteElo "2230"]
[BlackElo "2355"]

1.d4 Nf6 2.c4 e6 3.Nc3 Bb4 4.f3 d5 5.Bg5 O-O 6.e3 b6 7.cxd5 exd5 8.Bd3 h6
9.Bh4 Re8 10.Bf2 c5 11.Ne2 Nc6 12.O-O cxd4 13.exd4 Nh5 14.Rc1 Bxc3 15.Rxc3 Nb4
16.g4 Nxd3 17.Qxd3 Nf6 18.Ng3 a5 19.Rfc1 Ba6 20.Qd2 Nh7 21.Be3 Qf6 22.Nf5 Rac8
23.Bf4 Rxc3 24.Qxc3 Qe6 25.Be5 Rc8 26.Qxc8+ Bxc8 27.Rxc8+ Nf8 28.Bd6 Qe1+
29.Kg2 Qe2+ 30.Kg3 Qe1+ 31.Kg2 Qe2+ 32.Kg3 Qe1+ 33.Kh3 Qf1+  1/2-1/2

[Event "JUG-chT"]
[Site "Zlatibor"]
[Date "1989.??.??"]
[Round "?"]
[White "Damljanovic, Branko"]
[Black "Jukic, Mirko"]
[Result "1/2-1/2"]
[WhiteElo "2555"]
[BlackElo "2440"]

1.d4 Nf6 2.c4 e6 3.Nc3 Bb4 4.f3 d5 5.a3 Bxc3+ 6.bxc3 c5 7.cxd5 Nxd5 8.dxc5 Qa5
9.e4 Nc7 10.Qd4 f6 11.Qb4 Nc6 12.Qxa5 Nxa5 13.Be3 Bd7 14.Rb1 O-O-O 15.Nh3 e5
16.Nf2 Be6 17.Be2 Bb3 18.Nd1 Ne6 19.Nb2 Rd7 20.Kf2 Rhd8 21.Rhc1 Nf4 22.Bf1 Ba2
23.g3 Bxb1 24.Rxb1 Ne6 25.Nc4 Nxc4 26.Bxc4 Nc7 27.Ke2 Re7 28.a4 Na6 29.c6 Nb8
30.Bc5 Nxc6 31.Bxe7 Nxe7 32.Ke3 Rd6 33.f4 Rc6 34.Kd3  1/2-1/2